Every Song by Chicago - Statistics

General Stats
  • This quiz has been taken 7 times
  • The average score is 21 of 285
Answer Stats
Album Song % Correct
Chicago/Chicago II(1970) 25 or 6 to 4
57%
Chicago 16(1982) Hard to Say I'm Sorry
57%
Chicago X(1976) If You Leave Me Now
57%
Chicago V(1972) Saturday in the Park
57%
Chicago 17(1984) Stay the Night
57%
Chicago 17(1984) You're the Inspiration
57%
Chicago Transit Authority(1969) Introduction
43%
Chicago XI(1977) Take Me Back to Chicago
43%
Chicago XI(1977) Baby, What a Big Surprise
29%
Chicago Transit Authority(1969) Beginnings
29%
Chicago/Chicago II(1970) Colour My World
29%
Chicago Transit Authority(1969) Does Anybody Really Know What Time It Is?
29%
Chicago III(1971) Free
29%
Hot Streets(1978) Hot Streets
29%
Chicago 18(1986) If She Would Have Been Faithful...
29%
Chicago Transit Authority(1969) Liberation
29%
Chicago 19(1988) Look Away
29%
Chicago 16(1982) Love Me Tomorrow
29%
Chicago XXXVI: Now(2014) Now
29%
Chicago 17(1984) Only You
29%
Chicago 17(1984) Please Hold On
29%
Chicago 17(1984) Prima Donna
29%
Chicago Transit Authority(1969) Questions 67 and 68
29%
Chicago XXXII: Stone of Sisyphus(2008) Stone of Sisyphus
29%
Chicago 17(1984) We Can Stop the Hurtin'
29%
Chicago 18(1986) Will You Still Love Me?
29%
Chicago VII(1974) Wishing You Were Here
29%
Chicago/Chicago II(1970) 1st Movement
14%
Chicago/Chicago II(1970) 2nd Movement
14%
Chicago/Chicago II(1970) 3rd Movement
14%
Chicago/Chicago II(1970) 4th Movement
14%
Chicago V(1972) A Hit by Varèse
14%
Chicago VIII(1975) Ain't It Blue?
14%
Chicago VII(1974) Aire
14%
Hot Streets(1978) Alive Again
14%
Chicago V(1972) Alma Mater
14%
Chicago 17(1984) Along Comes a Woman
14%
Chicago/Chicago II(1970) A.M. Mourning
14%
Chicago X(1976) Another Rainy Day in New York City
14%
Chicago/Chicago II(1970) Anxiety's Moment
14%
Chicago at Carnegie Hall(1971) A Song for Richard and His Friends
14%
Chicago 16(1982) Bad Advice
14%
Chicago VI(Bonus)(2002) Beyond All Our Sorrows
14%
Chicago XIV(1980) Birthday Boy
14%
Chicago XXXVIII: Born for This Moment(2022) Born for This Moment
14%
Chicago VIII(1975) Brand New Love Affair, Part I & II
14%
Chicago VII(1974) Byblos
14%
Chicago VII(1974) Call on Me
14%
Chicago III(1971) Canon
14%
Chicago 16(Bonus)(1982) Daddy's Favorite Fool
14%
Chicago VII(1974) Devil's Sweet
14%
Chicago V(1972) Dialogue (Part I)
14%
Chicago V(1972) Dialogue (Part II)
14%
Chicago III(1971) Flight 602
14%
Chicago XXX(2000) Feel
14%
Chicago VI(1973) Feelin' Stronger Every Day
14%
Chicago Transit Authority(1969) Free Form Guitar
14%
Chicago V(1972) Goodbye
14%
Chicago 17(1984) Hard Habit to Break
14%
Chicago VIII(1975) Harry Truman
14%
Chicago XXXII: Stone of Sisyphus(2008) Here with Me (A Candle for the Dark)
14%
Chicago VI(1973) In Terms of Two
14%
Chicago VII(1974) Italian from New York
14%
Chicago VII(1974) (I've Been) Searchin' So Long
14%
Chicago VI(1973) Jenny
14%
Chicago VI(1973) Just You 'n' Me
14%
Chicago Transit Authority(1969) Listen
14%
Hot Streets(1978) Little Miss Lovin'
14%
Chicago XI(1977) Little One
14%
Chicago III(1971) Loneliness Is Just a Word
14%
Chicago III(1971) Lowdown
14%
Chicago/Chicago II(1970) Make Me Smile
14%
Chicago X(1976) Mama Mama
14%
Chicago 13(1979) Mama Take
14%
Chicago/Chicago II(1970) Memories of Love
14%
Chicago/Chicago II(1970) Movin' In
14%
Chicago VIII(1975) Never Been in Love Before
14%
Chicago 18(1986) Niagara Falls
14%
Hot Streets(1978) No Tell Lover
14%
Chicago/Chicago II(1970) Now More Than Ever
14%
Chicago VIII(1975) Old Days
14%
Chicago 17(1984) Once in a Lifetime
14%
Chicago 13(1979) Paradise Alley
14%
Chicago/Chicago II(1970) P.M. Mourning
14%
Chicago Transit Authority(1969) Poem 58
14%
Chicago XI(1977) Policeman
14%
Chicago/Chicago II(1970) Prelude
14%
Chicago XI(1977) Prelude (Little One)
14%
Chicago VII(1974) Prelude to Aire
14%
Chicago X(1976) Scrapbook
14%
Chicago III(1971) Sing a Mean Tune Kid
14%
Chicago VII(1974) Skinny Boy
14%
Chicago Transit Authority(1969) Someday (August 29, 1968)
14%
Chicago/Chicago II(1970) So Much to Say, So Much to Give
14%
Chicago XIV(1980) Song for You
14%
Chicago 16(1982) Sonny Think Twice
14%
Chicago Transit Authority(1969) South California Purples
14%
Chicago 13(1979) Street Player
14%
Chicago XIV(1980) The American Dream
14%
Chicago/Chicago II(1970) The Road
14%
Chicago XIV(1980) Thunder and Lightning
14%
Chicago 19(1988) We Can Last Forever
14%
Chicago/Chicago II(1970) West Virginia Fantasies
14%
Chicago 19(1988) What Kind of Man Would I Be?
14%
Chicago III(1971) When All the Laughter Dies in Sorrow
14%
Chicago/Chicago II(1970) Where Do We Go from Here?
14%
Chicago 13(1979) Window Dreamin'
14%
Chicago X(1976) You Are on My Mind
14%
Chicago XXX(2000) 90 Degrees and Freezing
0%
Chicago III(1971) A Hard Risin' Morning Without Breakfast
0%
Hot Streets(1978) Ain't It Time
0%
Chicago XXXVII: Chicago Christmas(2019) All Is Right
0%
Chicago V(1972) All Is Well
0%
Chicago XXXVII: Chicago Christmas(2019) All Over the World
0%
The Heart of Chicago 1967–1998 Volume II(1998) All Roads Lead to You
0%
Chicago XXXII: Stone of Sisyphus(2008) All the Years
0%
Chicago 13(1979) Aloha Mama
0%
Chicago XXX(2000) Already Gone
0%
Chicago XXXVI: Now(2014) America
0%
Chicago XXXVI: Now(2014) Another Trippy Day
0%
Chicago VIII(1975) Anyway You Want
0%
Chicago III(1971) At the Sunrise
0%
Chicago XXVI: Live in Concert(1999) Back to You
0%
Chicago XXXVII: Chicago Christmas(2019) (Because) It's Christmastime
0%
Chicago XXX(2000) Better
0%
Chicago XXXII: Stone of Sisyphus(2008) Bigger Than Elvis
0%
Chicago VIII(Bonus)(1975) Bright Eyes
0%
Chicago XXXVII: Chicago Christmas(2019) Bring My Baby Back
0%
Chicago XXX(2000) Caroline
0%
Chicago 16(1982) Chains
0%
Twenty 1(1991) Chasin' the Wind
0%
Chicago 13(Bonus)(1979) Closer to You
0%
Chicago XXX(2000) Come to Me, Do
0%
Chicago XXXVI: Now(2014) Crazy Happy
0%
Chicago XXXVIII: Born for This Moment(2022) Crazy Idea
0%
Chicago VI(1973) Critics' Choice
0%
Chicago XXXII: Stone of Sisyphus(2008) Cry for the Lost
0%
Chicago VI(1973) Darlin' Dear
0%
Chicago at Carnegie Hall(1971) Happy Cause I'm Going Home
0%
Chicago XIV(1980) | Group Portrait(1991) Doin' Business
0%
Chicago III(1971) Dreamin' Home
0%
Twenty 1(1991) Explain It to My Heart
0%
Chicago III(1971) Fallin' Out
0%
Chicago/Chicago II(1970) Fancy Colours
0%
Chicago XXXVIII: Born for This Moment(2022) Firecracker
0%
Chicago 16(1982) Follow Me
0%
Chicago 18(1986) Forever
0%
Chicago XXXVIII: Born for This Moment(2022) For the Love
0%
Chicago XXXVI: Now(2014) Free at Last
0%
Chicago III(1971) Free Country
0%
Chicago X(1976) Gently I'll Wake You
0%
Chicago 16(1982) Get Away
0%
Twenty 1(1991) God Save the Queen
0%
Hot Streets(1978) Gone Long Gone
0%
The Box(2003) Good for Nothing
0%
Chicago VII(1974) Hanky Panky
0%
Chicago III(1971) Happy 'Cause I'm Going Home
0%
Chicago VII(1974) Happy Man
0%
Chicago 19(1988) Heart in Pieces
0%
The Box(2003) Hearts in Trouble
0%
The Heart of Chicago 1967–1997(1997) Here in My Heart
0%
Chicago 17(Bonus)(1984) Here Is Where We Begin
0%
Chicago VIII(1975) Hideaway
0%
Chicago 19(Bonus)(1988) Hide Behind the Window
0%
Twenty 1(1991) Holdin' On
0%
Chicago XIV(1980) Hold On
0%
Chicago VI(1973) Hollywood
0%
Chicago X(1976) Hope for Love
0%
Chicago XXXVIII: Born for This Moment(2022) House on the Hill
0%
Chicago 18(1986) I Believe
0%
Chicago XXXVII: Chicago Christmas(2019) I'd Do It All Again (Christmas Moon)
0%
Chicago 19(1988) I Don't Wanna Live Without Your Love
0%
Chicago III(1971) I Don't Want Your Money
0%
Chicago X(Bonus)(1976) | Chicago XIV(1980) I'd Rather Be Rich
0%
Twenty 1(1991) If It Were You
0%
Chicago XXXVIII: Born for This Moment(2022) If This Is Goodbye
0%
Chicago XXXVIII: Born for This Moment(2022) If This Isn't Love
0%
Chicago XXXVII: Chicago Christmas(2019) I'm Your Santa Claus
0%
Chicago/Chicago II(1970) In the Country
0%
Chicago 19(1988) I Stand Up
0%
Chicago 18(1986) It's Alright
0%
Chicago XXX(2000) King of Might Have Been
0%
Chicago XXXII: Stone of Sisyphus(2008) Let's Take a Lifetime
0%
Chicago 13(1979) Life Is What It Is
0%
Chicago VII(1974) Life Saver
0%
Chicago XIV(1980) Live It Up
0%
Chicago XXX(2000) Long Lost Friend
0%
Chicago VIII(1975) Long Time No See
0%
Chicago 13(1979) Loser with a Broken Heart
0%
Chicago XXXII: Stone of Sisyphus(Bonus)(2008) Love Is Forever
0%
Chicago XXXVI: Now(2014) Love Lives On
0%
Hot Streets(1978) Love Was New
0%
Chicago XXX(2000) Love Will Come Back
0%
Chicago XXX(2000) Lovin' Chains
0%
Chicago XXXII: Stone of Sisyphus(2008) Mah-Jong
0%
Chicago XXXVIII: Born for This Moment(2022) Make a Man Outta Me
0%
Chicago XIV(1980) Manipulation
0%
Twenty 1(1991) Man to Woman
0%
Chicago III(1971) Man vs. Man: The End
0%
Chicago XXXVII: Chicago Christmas(2019) Merry Christmas, I Love You
0%
Chicago XI(1977) | Live in Japan(1972) Mississippi Delta City Blues
0%
Chicago VII(1974) Mongonucleosis
0%
Chicago XXXVI: Now(2014) More Will Be Revealed
0%
Chicago III(1971) Morning Blues Again
0%
Chicago III(1971) Mother
0%
Chicago III(1971) Motorboat to Mars
0%
Chicago 13(1979) Must Have Been Crazy
0%
Chicago XXXVI: Now(2014) Naked in the Garden of Allah
0%
Chicago XXXVI: Now(2014) Nice Girl
0%
Chicago 18(1986) Nothin's Gonna Stop Us Now
0%
Chicago V(1972) Now That You've Gone
0%
Chicago III(1971) Off to Work
0%
Chicago VIII(1975) Oh, Thank You Great Spirit
0%
Chicago X(1976) Once or Twice
0%
Chicago III(1971) Once Upon a Time...
0%
Twenty 1(1991) One from the Heart
0%
Chicago 18(1986) One More Day
0%
Twenty 1(1991) Only Time Can Heal the Wounded
0%
Chicago XXXVIII: Born for This Moment(2022) Our New York Time
0%
Chicago 18(1986) Over and Over
0%
Chicago XIV(1980) Overnight Cafe
0%
Chicago XXXII: Stone of Sisyphus(2008) Plaid
0%
Chicago/Chicago II(1970) Poem for the People
0%
Chicago III(1971) Progress?
0%
Chicago VI(1973) Rediscovery
0%
Chicago 17(1984) Remember the Feeling
0%
Chicago 13(1979) Reruns
0%
Chicago 16(1982) Rescue You
0%
Chicago XXXIII: O Christmas Three(2011) Rockin' and Rollin' on Christmas Day
0%
Chicago 19(1988) Runaround
0%
Chicago 13(1979) Run Away
0%
Chicago XXXVIII: Born for This Moment(2022) Safer Harbours
0%
Chicago XXXVIII: Born for This Moment(2022) She's Right
0%
The Heart of Chicago 1967–1998 Volume II(1998) Show Me a Sign
0%
Hot Streets(1978) Show Me the Way
0%
Chicago VIII(Bonus)(1975) Sixth Sense
0%
Chicago X(1976) Skin Tight
0%
Chicago XXXII: Stone of Sisyphus(2008) Sleeping in the Middle of the Bed
0%
Chicago XIV(1980) Soldier of Fortune
0%
Twenty 1(1991) Somebody, Somewhere
0%
Chicago XXXVIII: Born for This Moment(2022) Someone Needed Me the Most
0%
Chicago VI(1973) Something in This City Changes People
0%
Chicago XXXVI: Now(2014) Something's Coming, I Know
0%
Chicago VII(1974) Song of the Evergreens
0%
Chicago V(1972) State of the Union
0%
Chicago 17(Bonus)(1984) Sweet Marie
0%
Hot Streets(1978) Take a Chance
0%
Chicago XI(1977) Takin' It on Uptown
0%
Chicago III(1971) The Approaching Storm
0%
Hot Streets(1978) The Greatest Love on Earth
0%
Chicago XI(1977) The Inner Struggles of a Man
0%
Chicago XXXVIII: Born for This Moment(2022) The Mermaid (Sereia Do Mar)
0%
The Heart of Chicago 1967–1997(1997) The Only One
0%
Chicago XXXII: Stone of Sisyphus(2008) The Pull
0%
Chicago XXXII: Stone of Sisyphus(2008) The Show Must Go On
0%
Chicago XI(1977) This Time
0%
Chicago XI(1977) Till the End of Time
0%
Chicago VIII(1975) Till We Meet Again
0%
Chicago/Chicago II(1970) To Be Free
0%
Chicago X(1976) Together Again
0%
Chicago XIV(1980) Upon Arrival
0%
Chicago 19(1988) Victorious
0%
Chicago XI(1977) Vote for Me
0%
Chicago 16(1982) Waiting for You to Decide
0%
Chicago/Chicago II(1970) Wake Up Sunshine
0%
Chicago XXXVI: Now(2014) Watching All the Colors
0%
Chicago 16(1982) What Can I Say
0%
Twenty 1(1991) What Does It Take
0%
Chicago III(1971) What Else Can I Say
0%
Chicago VI(1973) What's This World Comin' To
0%
Chicago 16(1982) What You're Missing
0%
Chicago XIV(1980) Where Did the Lovin' Go
0%
Chicago XXX(2000) Where Were You
0%
Chicago V(1972) While the City Sleeps
0%
Twenty 1(1991) Who Do You Love
0%
Chicago XXX(2000) Why Can't We
0%
Chicago VII(1974) Woman Don't Want to Love Me
0%
Twenty 1(1991) You Come to My Senses
0%
Chicago X(1976) You Get It Up
0%
Chicago 19(1988) You're Not Alone
0%
Chicago X(Bonus)(1976) Your Love's an Attitude
0%
Chicago XXXVIII: Born for This Moment(2022) You've Got to Believe
0%
No matching quizzes found
Score Distribution
Percent of People with Each Score
Percentile by Number Answered
Your Score History
You have not taken this quiz